000 005280000a22001810004500
003 MACL
005 20160609155138.0
008 160609b xxu||||| |||| 00| 0 eng d
040 _aMACL
_cMACL
041 _aHindi
082 _a891.433
100 _aराय, विवेकी
_963565
245 _aसमर शेष है
_cविवेकी राय
260 _bप्रभात प्रकाशन
_c1988
_aदिल्‍ली
350 _a150
650 _aNovel
_963566
942 _cHIN
_k891.433
_2ddc
999 _c30343
_d30343